000 00701nam a2200253Ia 4500
001 3572
005 20240113233635.0
007 ta
008 050527s978- a g b000 u eng u
040 _aCotton College,Assam
041 _aeng
082 _a070.175
_bMAH
100 _aMahanta, Ashwini Kr. .
245 0 _aCottonian (1978-79) /
_cAshwini Kr. Mahanta.
_hMonographic Serials
250 _a1st ed. /
260 _aCotton College , Assam :
_bEditorial Board ,
_c1978-79.
300 _a31p. :
_bill. ;
_c23 cm .
500 _aWritten in English & Assamese
653 _aMagazine-cottonian
653 _aCottonian
942 _2ddc
_cBK
999 _c3560
_d3560